|
|
|
|
| LEADER |
01021njm a2200289 a 4500 |
| 001 |
000941892 |
| 003 |
CZ BrMZK |
| 005 |
20090722131140.0 |
| 007 |
sd fsngnnmmned |
| 008 |
090526q2008 pl sgn g eng d |
| 040 |
|
|
|a BOA001
|b cze
|
| 072 |
|
7 |
|a 783
|x Církevní hudba. Duchovní hudba. Náboženská hudba
|2 Konspekt
|9 9
|
| 080 |
|
|
|a 783.8
|2 MRF
|
| 080 |
|
|
|a (086.76)
|2 MRF
|
| 245 |
0 |
0 |
|a Gospel
|h [zvukový záznam]
|
| 260 |
|
|
|a [Warszawa :
|b Prasa-Książka-Ruch,
|c 2008?]
|
| 300 |
|
|
|a 1 zvuková deska :
|b digital ;
|c 12 cm
|
| 500 |
|
|
|a Kompaktní deska
|
| 505 |
0 |
0 |
|t Down in my soul --
|t We shall overcome --
|t Jesus is a rock --
|t Hol on --
|t My hope is built --
|t Let freedom ring
|
| 580 |
|
|
|a Vydáno jako příloha časopisu Znak
|
| 650 |
0 |
7 |
|a gospel
|7 ph224344
|2 czenas
|
| 655 |
|
7 |
|a kompaktní desky
|7 fd201991
|2 czenas
|
| 772 |
0 |
|
|t Znak
|
| 910 |
|
|
|a BOA001
|b CD-0015.362
|
| 990 |
|
|
|a AV
|
| 991 |
|
|
|b 200907
|
| 996 |
6 |
|
|b 261H017041
|c CD-0015.362
|l MZK
|r Sklad / do 24 hodin
|n 0
|w 000941892
|u 000010
|a 1
|e BOA001
|j MZK50
|s P
|